000
00339pab a2200145 454500
008
180718b2017 xxu||||| |||| 00| 0 eng d
100
_a
Menon, Meena
245
_a
In the name of God
260
_c
2017
300
_a
p.23-25.
362
_a
7 Jan
650
_a
Islamic law
773
_a
Economic and Political Weekly
909
_a
113382
999
_c
113377
_d
113377